| 000 | 00370nam a2200121Ia 4500 | ||
|---|---|---|---|
| 008 | 160227s9999 xx 000 0 und d | ||
| 100 | _aChoras, R. | ||
| 245 | _aImage Processing & Communications Challenges 6 / | ||
| 245 | _cR. Choras. | ||
| 260 | _c2015 | ||
| 650 | _xImage processing. | ||
| 856 | _uhttp://media.wix.com/ugd/f47560_faccb078b39044ce9b1163bf6f4d9479.pdf | ||
| 999 |
_c291018 _d291018 |
||